00449nam a2200133Ia 4500008004100000020001300041100001800054245002800072250001100100260003900111300001700150999001900167952012900186180205s9999 xx 000 0 und d a72902000 aKamien, Roger aMusic an appreciation / a7th ed aUSAbMc Graw Hill publishingc2000 av, 738 pages c354866d354866 001040aCLbCLcGCd2018-02-05eLibrary Fundl8m6oMT 90 .K15 2000pC2147r2023-06-30 00:00:00s2023-03-20w2018-02-05yBK